PAROLES - Jenifer - je danse - Statistiques

Statistiques générales
  • Ce quiz a été pris 47 fois
    45 depuis la dernière actualisation
  • Le résultat moyen est 303 sur 385
Statistiques - réponses
Réponse % Correct
dans
100%
danse
100%
de
100%
je
100%
le
100%
ne
100%
à
97%
des
97%
dès
97%
jamais
97%
jusqu'à
97%
que
97%
rêve
97%
jour
94%
revenir
94%
souvenir
94%
dire
91%
j'ai
91%
la
91%
peu
91%
peur
91%
prie
91%
rire
91%
ton
91%
vrai
91%
me
89%
ma
86%
moins
86%
se
86%
vampires
86%
ce
83%
est
83%
vie
83%
et
80%
en
77%
mes
77%
nuit
77%
pire
77%
quand
77%
un
77%
les
74%
pas
74%
qui
74%
ses
74%
du
71%
mal
71%
suis
71%
t'en
71%
une
71%
bien
69%
tu
69%
on
66%
si
66%
tant
66%
trouver
66%
vodka
66%
alors
63%
c'est
63%
même
63%
merveilles
63%
monde
63%
pis
63%
quelques
63%
s'en
63%
sommeil
63%
t'immagine
63%
tout
63%
verre
63%
avance
60%
fout
60%
j'empeste
60%
j'enfile
60%
manques
60%
monts
60%
pose
60%
questions
60%
qu'on
60%
sur
60%
tabac
60%
trouille
60%
veste
60%
chance
57%
encore
57%
raisons
57%
tourne
57%
ventre
57%
d'un
54%
ferais
54%
l'envers
54%
mais
54%
oh
54%
rond
54%
tourner
54%
cavalières
51%
centre
51%
connait
51%
goût
51%
ils
51%
l'univers
51%
mauvais
51%
seule
51%
télé
51%
veut
51%
ai
49%
berceau
49%
l'espoir
49%
piste
49%
puis
49%
rejoins
49%
ville
49%
crie
46%
d'amour
46%
l'afrique
46%
maison
46%
soir
46%
soûle
46%
tube
46%
vont
46%
voulu
46%
beauté
43%
déçue
43%
musique
43%
panique
43%
partout
43%
petites
43%
pissent
43%
crique
40%
gloires
40%
l'oreille
40%
oreilles
40%
remplaceront
40%
choristes
37%
donnent
37%
espérant
37%
loups
37%
ou
37%
prénom
37%
rentre
37%
baignoire
34%
nues
34%
tomber
34%
transes
34%
virevolter
34%
c'n'est
31%
joué
31%
maux
31%
bord
29%
pouvoir
29%
Aucun quiz correspondant
Distribution des résultats
% des personnes avec chaque résultat
Percentile par nombre de réponses
Votre historique - résultats
Vous n’avez pas pris ce quiz depuis la dernière actualisation